Intervención social en personas con enfermedades mentales graves y crónicas

Shranjeno v:
Bibliografske podrobnosti
Main Authors: Sobrino, Teodosia (Author), Rodríguez, Abelardo (Author)
Format: Knjiga
Jezik:španščina
Izdano: Madrid Sintesis 2007
Serija:Análisis e Intervención Social
Teme:
Oznake: Označite
Brez oznak, prvi označite!

MARC

LEADER 00000nam a2200000 a 4500
001 UCI7622
003 CL-VaPUC
008 080718e20070000SP |||||||||||||||||spa|d
020 |a 9788497564564 
082 0 4 |a 362.20425  |b SOB  |2 21 
100 0 |a Sobrino, Teodosia  |e author  |9 530904 
700 0 |a Rodríguez, Abelardo  |e author  |9 530905 
245 1 0 |a Intervención social en personas con enfermedades mentales graves y crónicas 
300 |a 191 p 
942 |c BK 
945 |d 20080718 00:00:00  |a rbrito 
260 |a Madrid  |b Sintesis  |c 2007 
650 0 |a Esquizofrenia  |9 312163 
650 7 |a ENFERMOS MENTALES  |2 CL-VaPUC  |9 343473 
650 0 |a Trabajo social   |9 307856 
650 0 |a Psiquiatría  |9 308427 
650 0 |a Rehabilitación  |9 307382 
583 |a last modification  |c 20080718 00:00:00  |k Rodrigo Vera 
490 0 |a Análisis e Intervención Social 
999 |c 330840  |d 330838 
952 |0 0  |1 0  |4 0  |6 362_204250000000000_SOB_2007  |7 0  |8 A  |9 416725  |a BIBGIM  |b BIBGIM  |d 2019-11-22  |i 4458230  |o 362.20425 SOB 2007  |p 4458230  |r 2025-01-15  |w 2019-11-22  |y BK  |k SSL